|
|
|
|
| LEADER |
01543nam a2200409 a 4500 |
| 001 |
EBC3386703 |
| 003 |
MiAaPQ |
| 005 |
20200520144314.0 |
| 006 |
m o d | |
| 007 |
cr cn||||||||| |
| 008 |
130307s2013 enkd sb 001 0 eng d |
| 020 |
|
|
|z 9780745333366
|
| 020 |
|
|
|z 9780745333373
|
| 020 |
|
|
|a 9781849648165 (electronic bk.)
|
| 035 |
|
|
|a (MiAaPQ)EBC3386703
|
| 035 |
|
|
|a (Au-PeEL)EBL3386703
|
| 035 |
|
|
|a (CaPaEBR)ebr10659953
|
| 035 |
|
|
|a (CaONFJC)MIL987444
|
| 035 |
|
|
|a (OCoLC)830538098
|
| 040 |
|
|
|a MiAaPQ
|c MiAaPQ
|d MiAaPQ
|
| 050 |
|
4 |
|a HV640.5.P36
|b C66 2013
|
| 082 |
0 |
4 |
|a 362.87089274
|2 23
|
| 245 |
0 |
0 |
|a Compensation to Palestinian refugees and the search for Palestinian-Israeli peace
|h [electronic resource] /
|c edited by Rex Brynen and Roula El-Rifai.
|
| 260 |
|
|
|a London :
|b Pluto Press,
|c 2013.
|
| 300 |
|
|
|a xiii, 321 p. :
|b ill.
|
| 504 |
|
|
|a Includes bibliographical references and index.
|
| 533 |
|
|
|a Electronic reproduction. Ann Arbor, MI : ProQuest, 2015. Available via World Wide Web. Access may be limited to ProQuest affiliated libraries.
|
| 650 |
|
0 |
|a Refugees, Palestinian Arab.
|
| 650 |
|
0 |
|a Arab-Israeli conflict
|x Reparations.
|
| 650 |
|
0 |
|a Arab-Israeli conflict
|x Refugees.
|
| 650 |
|
0 |
|a Reparations for historical injustices.
|
| 650 |
|
0 |
|a Restorative justice.
|
| 655 |
|
4 |
|a Electronic books.
|
| 700 |
1 |
|
|a Brynen, Rex.
|
| 700 |
1 |
|
|a El-Rifai, Roula.
|
| 710 |
2 |
|
|a ProQuest (Firm)
|
| 856 |
4 |
0 |
|u https://ebookcentral.proquest.com/lib/matrademy/detail.action?docID=3386703
|z Click to View
|